000 00597nam a2200205Ia 4500
001 8448
003 GE_BSU
008 181216s||||||||xx |||||||||||||| ||und||
040 _cGE_BSU
080 _a821.353.1-32
100 _aეული, სანდრო
245 _aპატარა მოთხრობები.
245 _cრედ.: რ. გვეტაძე.
260 _aთბილისი.
260 _bფედერაცია.
260 _c1942
300 _a96 გვ; 14 სმ.
653 _aპატარა მოთხრობები.
942 _cBK
999 _c41767
_d41767